Emergencia economica y sector financiero (Registro nro. 321381)

Detalles MARC
001 - NÚMERO DE CONTROL
campo de control 883518
005 - FECHA Y HORA DE LA ÚLTIMA TRANSACCIÓN
campo de control 20240201193643.0
008 - DATOS DE LONGITUD FIJA--INFORMACIÓN GENERAL
campo de control de longitud fija 040726nuuuuuuuu spa
035 ## - NÚMERO DE CONTROL DEL SISTEMA
Número de control de sistema 883518
035 ## - NÚMERO DE CONTROL DEL SISTEMA
Número de control de sistema (OCoLC)820118435
040 ## - FUENTE DE LA CATALOGACIÓN
Centro/agencia transcriptor comduadb
041 ## - CÓDIGO DE LENGUA
Código de lengua del texto/banda sonora o título independiente spa
100 10 - ENTRADA PRINCIPAL--NOMBRE DE PERSONA
Nombre de persona Cepeda Espinosa, Manuel José,
Fechas asociadas al nombre 1963-
Código de función aut
Número de control del registro de autoridad o número normalizado (isni)0000 0000 5939 3866
-- (viaf)70641555
Término indicativo de función/relación Autor/a
9 (RLIN) 255135
245 10 - MENCIÓN DE TÍTULO
Título Emergencia economica y sector financiero
650 ## - PUNTO DE ACCESO ADICIONAL DE MATERIA--TÉRMINO DE MATERIA
Término de materia o nombre geográfico como elemento de entrada Sector financiero
9 (RLIN) 16551
650 ## - PUNTO DE ACCESO ADICIONAL DE MATERIA--TÉRMINO DE MATERIA
Término de materia o nombre geográfico como elemento de entrada Emergencia económica
9 (RLIN) 21121
773 0# - ENLACE AL DOCUMENTO FUENTE/ENTRADA DE REGISTRO ANFITRIÓN
Título Economía Colombiana (Bogotá)
Parte(s) relacionada(s) No. 177-178, Ene.-Feb. 1986, p. 34-42
Número de control del registro 103880
Número Internacional Normalizado para Publicaciones Seriadas 0120-4998
Número bibliográfico anfitrión 88663
942 ## - ELEMENTOS DE ENTRADA AGREGADA (KOHA)
Tipo de ítem Koha Artículo de Revista

No hay ítems disponibles.